Rosters de la Karmine Corp 2025 - FR - Statistiques

Statistiques générales
  • Ce quiz a été pris 319 fois
    72 depuis la dernière actualisation
  • Le résultat moyen est 32 sur 52
Statistiques - réponses
Joueur % Correct
LoL - LEC - KC - 🇫🇷 - ADC Caliste
97%
LoL - LEC - KC - 🇰🇷 - Top Canna
97%
LoL - LEC - KC - 🇧🇪 - Sup Targamas
97%
LoL - LEC - KC - 🇬🇷 - Mid Vladi
97%
LoL - LEC - KC - 🇸🇪 🇵🇪 - Jgl Yike
95%
LoL - LFL - KCB - 🇺🇦 - Top Maynter
92%
LoL - LFL - KCB - 🇫🇷 - ADC 3XA
91%
LoL - LEC - KC - 🇧🇪 🇹🇷 - Mid Nisqy
89%
LoL - LFL - KCB - 🇺🇸 - Jgl Yukino
89%
LoL - LEC - KC - 🇫🇷 - Head Coach Reha
88%
RL - KC - 🇫🇷 Vatira
86%
LoL - LFL - KCB - 🇰🇷 🇸🇪 - Mid SlowQ
84%
LoL - LEC - KC - 🇸🇮 - Assistant Coach Apples
83%
LoL - LFL - KCB - 🇰🇷 - Sup Piero
83%
RL - KC - 🇧🇪 Atow.
81%
RL - KC - 🇲🇦 🇨🇦 Dralii
81%
LoL - LFL - KCB - 🇫🇷 - Jgl (former) Boukada
80%
LoL - LEC - KC - 🇫🇷 - Assistant Coach Wadi
77%
LoL - DIV2 - KCBS - 🇮🇹 🇨🇳 - Top Tao
75%
LoL - DIV2 - KCBS - 🇷🇴 - ADC Hazel
73%
TFT - KC - 🇫🇷 Double61
72%
LoL - LFL - KCB - 🇫🇷 🇧🇪 - Jgl (loan) Isma
70%
VAL - VCL - KC - 🇦🇷 - IGL Saadhak
70%
LoL - LFL - KCB - 🇬🇷 - Head Coach TheRock7
70%
RL - KC - 🇫🇷 - Head Coach Ferra
69%
VAL - VCL - KC - 🇨🇿 🇲🇳 marteen
69%
VAL - VCL - KC - 🇪🇬 avez
61%
VAL - VCL - KC - ⬜ SUYGETSU
59%
VAL - VCL - KC - 🇹🇷 Elite
56%
LoL - DIV2 - KCBS - 🇫🇷 - Mid MathisV
56%
VAL - VCL - KC - 🇫🇷 🇪🇬 - Assistant Coach ZE1SH
55%
LoL - LFL - KCB - 🇫🇷 - Assistant Coach Blidzy
53%
TFT - KC - 🇫🇷 🇹🇷 Canbizz
53%
VAL - VCL - KC - 🇷🇺 - Head Coach Engh
53%
VAL - VGC - KCGC - 🇷🇺 - Initiateur Glance
53%
LoL - DIV2 - KCBS - 🇫🇷 - Sup Nsurr
50%
Street Fighter 6 - KC - 🇫🇷 Kilzyou
47%
VAL - VGC - KCGC - 🇩🇿 🇫🇷 - Sentinelle safiaa
41%
VAL - VGC - KCGC - 🇹🇷 - Smoker - IGL Jiex
39%
LoL - DIV2 - KCBS - 🇩🇰 - Jgl BAASHH
38%
LoL - DIV2 - KCBS - 🇪🇸 - Head Coach CptMario
34%
VAL - VGC - KCGC - 🇷🇺 - Flex/Flashes anesilia
33%
VAL - VCTfr - KCBS - 🇫🇷 - Initiateur Yohpa
33%
VAL - VCTfr - KCBS - 🇷🇺 - Dueliste f4ngeer
28%
VAL - VCTfr - KCBS - 🇬🇧 - Flex Sevire
28%
VAL - VGC - KCGC - 🇹🇷 - Dueliste Alkyia
27%
VAL - VGC - KCGC - 🇧🇾 - Head Coach SmartSeven
25%
VAL - VCTfr - KCBS - 🇪🇸 - Smoker - IGL Ease
23%
VAL - VCTfr - KCBS - 🇫🇷 - Sentinelle soren
23%
VAL - VCTfr - KCBS - 🇷🇸 - Head Coach pakko
19%
LoL - DIV2 - KCBS - 🇫🇷 - Assistant Coach Lingwi
11%
VAL - VCL - KC - 🇷🇺 - Assistant Coach fistie
9%
Aucun quiz correspondant
Distribution des résultats
% des personnes avec chaque résultat
Percentile par nombre de réponses
Votre historique - résultats
Vous n’avez pas pris ce quiz depuis la dernière actualisation